W jakim stylu jest dzieło przechowywane w Luwrze - Statystyki

Ogólne statystyki
  • Ten quiz został rozwiązany 8 razy
  • Średni wynik to 22 z 40
Statystyki odpowiedzi
Obrazkowy Odpowiedź % Poprawnych
renesans
100%
romantyzm
100%
barok
86%
klasycyzm
86%
renesans
86%
renesans
86%
renesans
86%
renesans
86%
romantyzm
86%
barok
71%
klasycyzm
71%
renesans
71%
renesans
71%
barok
57%
barok
57%
hellenistyczny
57%
renesans
57%
renesans
57%
renesans
57%
rokoko
57%
romantyzm
57%
barok
43%
hellenistyczny
43%
hellenistyczny
43%
hellenistyczny
43%
klasycyzm
43%
modernizm
43%
neoklasycyzm
43%
neoklasycyzm
43%
renesans
43%
rokoko
43%
romantyzm
43%
babiloński
29%
hellenistyczny
29%
archaiczny
14%
archaiczny
14%
asyryjski
14%
starożytność
14%
starożytność
14%
starożytność
14%
Nie znaleziono quizów pasujących do podanych kryteriów
Rozkład punktacji
Procent ludzi z każdym wynikiem
Percentyl według liczby udzielonych odpowiedzi
Twoja historia wyników
Nie rozwiązałeś tego quizu